[Event "Portugal Open 2018"]
[Site "Lisboa POR"]
[Date "2018.02.04"]
[Round "2.8"]
[White "Neves, Pedro"]
[Black "Pérez Ponsa, Federico"]
[Result "0-1"]
[WhiteElo "2242"]
[BlackElo "2553"]
[WhiteFideId "1905554"]
[BlackFideId "117927"]
[WhiteTitle "NM"]
[BlackTitle "GM"]
[WhiteCountry "POR"]
[BlackCountry "ARG"]
[PlyCount "118"]

1. c4 Nf6 2. Nc3 e5 3. g3 Bb4 4. Bg2 O-O 5. e4 d6 6. Nge2 a6 7. O-O Nc6 8. d3 h6
9. h3 Bc5 10. Kh2 Nd4 11. Be3 c6 12. f4 b5 13. Bg1 Rb8 14. b3 Re8 15. Nxd4 Bxd4
16. Bxd4 exd4 17. Ne2 c5 18. Qd2 bxc4 19. bxc4 Qb6 20. Qe1 Bd7 21. Rb1 Qc7 22.
Qd2 a5 23. Qc2 a4 24. a3 Bc6 25. Bf3 Rxb1 26. Rxb1 Rb8 27. Rb2 Nd7 28. Qb1 Rxb2
29. Qxb2 f5 30. Kg2 fxe4 31. Bxe4 Nf6 32. Bxc6 Qxc6+ 33. Kf2 Qe8 34. Qd2 Qh5 35.
Kg2 d5 36. g4 Qf7 37. Qc2 Qe6 38. Ng3 Qc6 39. Kh2 Qd6 40. Ne2 Qe6 41. Ng3 Qe3
42. cxd5 Qxf4 43. d6 Qxd6 44. Qxa4 Qf4 45. Qc2 Kh7 46. Qe2 Qd6 47. Kg2 c4 48.
Ne4 Qc6 49. Kf2 c3 50. Nxf6+ gxf6 51. Qc2 Qh1 52. Qb3 Qh2+ 53. Kf3 Qxh3+ 54. Kf2
Qxg4 55. Qf7+ Qg7 56. Qe6 Qc7 57. Qxf6 c2 58. Qf5+ Kg7 59. Qg4+ Kf8 0-1

[Event "Portugal Open 2018"]
[Site "Lisboa POR"]
[Date "2018.02.04"]
[Round "2.9"]
[White "Nevednichy, Vladislav"]
[Black "Apanasenok, Alexander"]
[Result "1/2-1/2"]
[WhiteElo "2551"]
[BlackElo "2236"]
[WhiteFideId "1205730"]
[BlackFideId "4139305"]
[WhiteTitle "GM"]
[WhiteCountry "ROU"]
[BlackCountry "RUS"]
[PlyCount "120"]

1. Nf3 Nf6 2. g3 d5 3. Bg2 c6 4. d3 Bg4 5. Nbd2 Nbd7 6. h3 Bh5 7. O-O e5 8. e4
dxe4 9. dxe4 Be7 10. Qe1 O-O 11. Nc4 Qc7 12. a4 Rfe8 13. Bd2 Bf8 14. a5 b5 15.
axb6 axb6 16. Rxa8 Rxa8 17. Bc3 Bxf3 18. Bxf3 b5 19. Ne3 Nc5 20. Ng4 Nxg4 21.
Bxg4 Na4 22. Qa1 Rd8 23. Be1 Bc5 24. b3 Nb6 25. h4 Bd4 26. Qc1 Nd7 27. Kg2 Nf6
28. Bf3 Ra8 29. c3 Bb6 30. Qc2 Ra3 31. Bd2 Qa7 32. Bc1 Ra2 33. Bb2 h5 34. Rb1
Ng4 35. Bxg4 hxg4 36. Qd1 Bxf2 37. Qxg4 b4 38. Kh3 bxc3 39. Bxc3 Bg1 40. Rb2
Rxb2 41. Bxb2 Bd4 42. Qc8+ Kh7 43. Bc1 Qc5 44. Bg5 Qb5 45. Qf5+ Kg8 46. Qf3 Qa6
47. h5 Qc8+ 48. Qg4 Qa6 49. Qf3 Qc8+ 50. g4 Qe6 51. Qd3 Kh7 52. Kg3 g6 53. Qf3
Bc5 54. Kh4 Be7 55. Bxe7 Qxe7+ 56. g5 gxh5 57. Qf5+ Kg7 58. Kxh5 Qd6 59. Kh4 Qe7
60. Kg3 Qd6 1/2-1/2

[Event "Portugal Open 2018"]
[Site "Lisboa POR"]
[Date "2018.02.04"]
[Round "2.10"]
[White "Weinzettl, Ernst"]
[Black "Sanal, Vahap"]
[Result "0-1"]
[WhiteElo "2238"]
[BlackElo "2551"]
[WhiteFideId "1600575"]
[BlackFideId "6300545"]
[WhiteTitle "IM"]
[BlackTitle "GM"]
[WhiteCountry "AUT"]
[BlackCountry "TUR"]
[PlyCount "62"]

1. e4 e5 2. Nc3 Nf6 3. f4 d5 4. fxe5 Nxe4 5. Qf3 Nxc3 6. dxc3 Nc6 7. Bf4 h5 8.
Qe3 d4 9. cxd4 Qxd4 10. Qxd4 Nxd4 11. O-O-O Bc5 12. Nf3 Ne6 13. Bd2 Bd7 14. Bc4
b5 15. Bb3 a5 16. a3 a4 17. Ba2 Bc6 18. Rhf1 Rd8 19. Bxe6 fxe6 20. Ng5 Bxg2 21.
Nxe6 Bxf1 22. Rxf1 Be7 23. Nxd8 Bxd8 24. Rg1 O-O 25. Be3 Rf5 26. Bd4 g5 27. Kd2
Kf7 28. Kd3 Ke6 29. Ke4 c5 30. Bc3 b4 31. axb4 cxb4 0-1

[Event "Portugal Open 2018"]
[Site "Lisboa POR"]
[Date "2018.02.04"]
[Round "2.11"]
[White "Santos Latasa, Jaime"]
[Black "Ermeni, Avni"]
[Result "1-0"]
[WhiteElo "2546"]
[BlackElo "2214"]
[WhiteFideId "2293307"]
[BlackFideId "912840"]
[WhiteTitle "IM"]
[BlackTitle "FM"]
[WhiteCountry "ESP"]
[BlackCountry "KOS"]
[PlyCount "87"]

1. Nf3 Nf6 2. c4 c5 3. Nc3 e6 4. g3 b6 5. Bg2 Bb7 6. O-O d6 7. b3 a6 8. Bb2 Be7
9. e3 O-O 10. d4 Qc7 11. Qe2 Nbd7 12. Rad1 Ne4 13. Ne1 Nxc3 14. Bxc3 Bxg2 15.
Nxg2 cxd4 16. Bxd4 Qb7 17. Qg4 e5 18. Bb2 f5 19. Qe2 b5 20. f4 e4 21. g4 Rac8
22. gxf5 bxc4 23. bxc4 Rxf5 24. Bd4 Qc6 25. Rc1 Nc5 26. Qg4 g6 27. Nh4 Bxh4 28.
Qxh4 Qd7 29. Kh1 Rh5 30. Qg3 Ne6 31. Ba1 Ng7 32. Qf2 Nf5 33. Rg1 Qe7 34. Rg4 Qe6
35. Qb2 Rxc4 36. Rgg1 Rc5 37. Rxc5 dxc5 38. Rd1 Qe7 39. Rd8+ Qxd8 40. Qh8+ Kf7
41. Qxd8 Rh3 42. Qd7+ Kf8 43. Bg7+ Kg8 44. Be5 1-0

[Event "Portugal Open 2018"]
[Site "Lisboa POR"]
[Date "2018.02.04"]
[Round "2.12"]
[White "Santos, António P"]
[Black "Spraggett, Kevin"]
[Result "0-1"]
[WhiteElo "2228"]
[BlackElo "2535"]
[WhiteFideId "1900161"]
[BlackFideId "2600013"]
[WhiteTitle "FM"]
[BlackTitle "GM"]
[WhiteCountry "POR"]
[BlackCountry "CAN"]
[PlyCount "62"]
[EventDate "2018.??.??"]

1. d4 Nf6 2. c4 e6 3. Nf3 c5 4. d5 exd5 5. cxd5 d6 6. Nc3 g6 7. e4 Bg7 8. Be2
O-O 9. O-O Qe7 10. Qc2 Bg4 11. h3 Bxf3 12. Bxf3 Nbd7 13. g3 a6 14. a4 Rac8 15.
Bg2 c4 16. Be3 Nc5 17. Rfe1 Nd3 18. Re2 Nd7 19. Kh2 Qd8 20. f4 Qa5 21. Rd1 Qb4
22. Bc1 N3c5 23. e5 dxe5 24. fxe5 Nxe5 25. d6 Ncd3 26. Ne4 f5 27. Nc3 Nxc1 28.
Qxc1 Nd3 29. Qc2 f4 30. Bd5+ Kh8 31. Bxc4 fxg3+ 0-1

[Event "Portugal Open 2018"]
[Site "Lisboa POR"]
[Date "2018.02.04"]
[Round "2.13"]
[White "Warakomski, Tomasz"]
[Black "Fernández Lledo, Javier"]
[Result "1-0"]
[WhiteElo "2517"]
[BlackElo "2207"]
[WhiteFideId "1124552"]
[BlackFideId "22201432"]
[WhiteTitle "GM"]
[WhiteCountry "POL"]
[BlackCountry "ESP"]
[PlyCount "46"]

1. e4 c5 2. Be2 Nc6 3. f4 d5 4. d3 Nd4 5. Nf3 Nxe2 6. Qxe2 e6 7. exd5 Qxd5 8.
Nc3 Qd8 9. Be3 Nf6 10. d4 cxd4 11. O-O-O Qa5 12. Bxd4 Be7 13. g4 O-O 14. Kb1 b6
15. g5 Ba6 16. Qe3 Nh5 17. Ne5 Bb7 18. Rhf1 Rfe8 19. f5 exf5 20. Rxf5 Bc8 21.
Qf3 Bxf5 22. Qxf5 Nf6 23. Qf3 Nd7 1-0

[Event "Portugal Open 2018"]
[Site "Lisboa POR"]
[Date "2018.02.04"]
[Round "2.14"]
[White "Ranaldi, Lucas"]
[Black "Repka, Christopher"]
[Result "0-1"]
[WhiteElo "2213"]
[BlackElo "2513"]
[WhiteFideId "1519484"]
[BlackFideId "14918781"]
[WhiteTitle "FM"]
[BlackTitle "IM"]
[WhiteCountry "NOR"]
[BlackCountry "SVK"]
[PlyCount "152"]

1. Nf3 f5 2. g3 d6 3. d4 g6 4. Bg2 Bg7 5. O-O Nc6 6. d5 Ne5 7. Nd4 Nf6 8. f4 Nc4
9. Qd3 Nb6 10. c4 O-O 11. Nc3 e5 12. dxe6 c5 13. Ndb5 Bxe6 14. Nxd6 Qe7 15. Nxb7
Bxc4 16. Qd6 Qf7 17. Qd2 Qe7 18. Na5 Rae8 19. Nxc4 Nxc4 20. Qd3 Nb6 21. Bf3 Ne4
22. Qc2 Kh8 23. Rb1 Qe6 24. Nxe4 fxe4 25. Bg2 c4 26. Bd2 Nd5 27. Qxc4 Nxf4 28.
Qxe6 Nxe2+ 29. Kh1 Rxe6 30. Rxf8+ Bxf8 31. Re1 e3 32. Ba5 Nd4 33. Bc3 Bg7 34.
Bd5 Re7 35. Bxd4 Bxd4 36. Re2 Bxb2 37. Kg2 Bc3 38. Bb3 Bd2 39. Kf3 Rc7 40. Rg2
Rc1 41. h4 Kg7 42. Rh2 Rf1+ 43. Ke2 Rg1 44. Kf3 h5 45. Bc4 Rc1 46. Bb3 Rf1+ 47.
Ke2 Rg1 48. Kf3 Be1 49. Kxe3 Rxg3+ 50. Ke2 Bc3 51. Rf2 Bf6 52. Rf4 a5 53. Ra4
Rh3 54. Rxa5 Bxh4 55. Ra7+ Kh6 56. Bc2 Rh2+ 57. Kd1 Bg5 58. Rc7 Rd2+ 59. Ke1 Rd6
60. Kf1 Bf4 61. a4 h4 62. Rc8 Be5 63. Re8 Bd4 64. Kg2 Rf6 65. Kh3 Kg5 66. Bd1
Rf1 67. Be2 Rh1+ 68. Kg2 Rg1+ 69. Kh3 Rg3+ 70. Kh2 Be3 71. Rb8 Bf4 72. Rb5+ Kh6
73. Kh1 Re3 74. Bg4 h3 75. Rb1 Kg5 76. Rg1 h2 0-1

[Event "Portugal Open 2018"]
[Site "Lisboa POR"]
[Date "2018.02.04"]
[Round "2.15"]
[White "Kanarek, Marcel"]
[Black "Van Zyl-Rudd, Jack"]
[Result "1-0"]
[WhiteElo "2512"]
[BlackElo "2197"]
[WhiteFideId "1126822"]
[BlackFideId "14309017"]
[WhiteTitle "GM"]
[BlackTitle "FM"]
[WhiteCountry "POL"]
[BlackCountry "RSA"]
[PlyCount "51"]

1. e4 e5 2. Nf3 Nf6 3. d4 Nxe4 4. Bd3 d5 5. Nxe5 Nd7 6. Nxd7 Bxd7 7. O-O Be7 8.
c4 Nf6 9. Nc3 dxc4 10. Bxc4 O-O 11. Qb3 Rb8 12. a4 Bf5 13. Rd1 Ne4 14. Bd5 Nxc3
15. bxc3 Qd7 16. Bf3 Bg4 17. Bxg4 Qxg4 18. Be3 Bg5 19. h3 Qh4 20. Re1 b6 21.
Bxg5 Qxg5 22. Re5 Qf6 23. Rae1 Qc6 24. R1e3 Rbe8 25. Rxe8 Rxe8 26. Qc4 1-0

[Event "Portugal Open 2018"]
[Site "Lisboa POR"]
[Date "2018.02.04"]
[Round "2.16"]
[White "Fidalgo, André"]
[Black "Arizmendi Martínez, Julen Luis"]
[Result "1/2-1/2"]
[WhiteElo "2205"]
[BlackElo "2508"]
[WhiteFideId "1933620"]
[BlackFideId "2205092"]
[WhiteTitle "NM"]
[BlackTitle "GM"]
[WhiteCountry "POR"]
[BlackCountry "ESP"]
[PlyCount "38"]

1. d4 d5 2. c4 e6 3. Nf3 a6 4. Nbd2 Nf6 5. g3 Be7 6. Bg2 O-O 7. O-O b6 8. b3 Bb7
9. Bb2 a5 10. a3 Nbd7 11. Qc2 c5 12. Ne5 Qb8 13. cxd5 exd5 14. e4 Nxe5 15. dxe5
Nxe4 16. Nxe4 dxe4 17. Bxe4 Bxe4 18. Qxe4 a4 19. bxa4 Qa7 1/2-1/2

[Event "Portugal Open 2018"]
[Site "Lisboa POR"]
[Date "2018.02.04"]
[Round "2.17"]
[White "Gabrielian, Artur"]
[Black "Boucquet, Emile"]
[Result "1-0"]
[WhiteElo "2502"]
[BlackElo "2183"]
[WhiteFideId "4131002"]
[BlackFideId "233161"]
[WhiteTitle "GM"]
[WhiteCountry "RUS"]
[BlackCountry "BEL"]
[PlyCount "113"]

1. Nf3 d5 2. g3 Nf6 3. Bg2 e6 4. O-O Be7 5. d4 O-O 6. c4 dxc4 7. Qc2 a6 8. a4
Bd7 9. Bg5 Bc6 10. Qxc4 Bd5 11. Qc2 Be4 12. Qc1 Nc6 13. e3 Nb4 14. Nc3 Nd3 15.
Qd2 Bb4 16. Bxf6 gxf6 17. Rfd1 c5 18. Qc2 Bxc3 19. Qxc3 c4 20. b3 b5 21. bxc4
bxc4 22. Nd2 Bxg2 23. Kxg2 Rc8 24. f3 Qd5 25. e4 Qc6 26. Nxc4 Qxc4 27. Qxd3 Qxd3
28. Rxd3 Rc2+ 29. Kh3 Rb8 30. d5 Rbb2 31. Rh1 Rd2 32. Rxd2 Rxd2 33. dxe6 fxe6
34. Rb1 Rd4 35. Rb6 Rxa4 36. Rxe6 Kf7 37. Rb6 Ra2 38. g4 a5 39. Kg3 a4 40. Ra6
a3 41. h4 Ra1 42. Kf4 a2 43. Ra7+ Ke6 44. g5 fxg5+ 45. hxg5 Kd6 46. Ra6+ Ke7 47.
Ke5 Rf1 48. Rxa2 Rxf3 49. Ra7+ Kf8 50. Rxh7 Re3 51. Ra7 Re1 52. Kf5 Rf1+ 53. Ke6
Rg1 54. e5 Rxg5 55. Kf6 Rg8 56. e6 Ke8 57. Ra8# 1-0

[Event "Portugal Open 2018"]
[Site "Lisboa POR"]
[Date "2018.02.04"]
[Round "2.18"]
[White "Sahin, Özgün"]
[Black "Diermair, Andreas"]
[Result "0-1"]
[WhiteElo "2195"]
[BlackElo "2495"]
[WhiteFideId "6328121"]
[BlackFideId "1612468"]
[BlackTitle "IM"]
[WhiteCountry "TUR"]
[BlackCountry "AUT"]
[PlyCount "109"]

1. e4 e5 2. Nf3 Nc6 3. d4 exd4 4. c3 d5 5. exd5 Qxd5 6. cxd4 Bg4 7. Nc3 Bb4 8.
Be2 Bxf3 9. Bxf3 Qc4 10. Qb3 Qxb3 11. axb3 Nge7 12. O-O a6 13. Ra4 Bd6 14. Be3
O-O-O 15. Rc1 Kb8 16. Ne4 f6 17. h4 Nd5 18. Nc5 Bxc5 19. Rxc5 Nce7 20. Ra1 Rd6
21. Bd2 Rhd8 22. Be4 Rb6 23. Ra3 Re6 24. Bd3 h6 25. Ra1 g5 26. hxg5 hxg5 27. g3
c6 28. Rcc1 Nc7 29. Bc3 Nb5 30. Bxb5 axb5 31. Re1 Rxe1+ 32. Rxe1 Nd5 33. Bd2 Kc8
34. Kg2 Kd7 35. f4 g4 36. Rh1 Re8 37. Kf2 Re4 38. Rh7+ Ke6 39. Rxb7 Rxd4 40. Ke2
Ne7 41. Bc3 Rd5 42. Rc7 Kd6 43. Ra7 Nf5 44. Bxf6 Nxg3+ 45. Ke3 Nf5+ 46. Ke4 Ke6
47. Be5 g3 48. Ra8 Rd2 49. Rg8 Re2+ 50. Kf3 Re3+ 51. Kg2 b4 52. Re8+ Kd5 53.
Rd8+ Ke4 54. Rb8 Re2+ 55. Kg1 0-1

[Event "Portugal Open 2018"]
[Site "Lisboa POR"]
[Date "2018.02.04"]
[Round "2.19"]
[White "Galego, Luís"]
[Black "Costa, Paulo"]
[Result "1-0"]
[WhiteElo "2481"]
[BlackElo "2175"]
[WhiteFideId "1900072"]
[BlackFideId "1900900"]
[WhiteTitle "GM"]
[WhiteCountry "POR"]
[BlackCountry "POR"]
[PlyCount "83"]

1. e4 c5 2. Nf3 e6 3. Nc3 a6 4. g3 b5 5. Bg2 Bb7 6. d3 d6 7. O-O Be7 8. a3 Nf6
9. Ng5 h6 10. Nh3 Nc6 11. f4 Qc7 12. f5 e5 13. Nd5 Nxd5 14. exd5 Nb8 15. Qg4 Bf6
16. c4 Nd7 17. Nf2 h5 18. Qe2 Be7 19. Ne4 Nf6 20. Bf3 bxc4 21. dxc4 Nxe4 22.
Bxe4 a5 23. a4 Ba6 24. b3 h4 25. g4 Qd8 26. Qe3 h3 27. Kh1 Rh4 28. Rg1 Kd7 29.
Bd2 Bc8 30. Raf1 Kc7 31. Rf3 Bd7 32. Be1 Rh8 33. g5 Rh5 34. Bd2 Kb7 35. Rxh3 Qh8
36. Rgg3 g6 37. Rxh5 Qxh5 38. Qf3 Qxf3+ 39. Rxf3 gxf5 40. Bxf5 Be8 41. Be4 Ka6
42. h4 1-0

[Event "Portugal Open 2018"]
[Site "Lisboa POR"]
[Date "2018.02.04"]
[Round "2.20"]
[White "Pein, Jonathan"]
[Black "Anurag, Mhamal"]
[Result "0-1"]
[WhiteElo "2177"]
[BlackElo "2476"]
[WhiteFideId "417092"]
[BlackFideId "5024366"]
[BlackTitle "GM"]
[WhiteCountry "ENG"]
[BlackCountry "IND"]
[PlyCount "87"]

1. e4 e5 2. Nf3 Nc6 3. Nc3 Nf6 4. g3 Bc5 5. Bg2 d6 6. d3 a6 7. Be3 Bg4 8. h3
Bxf3 9. Qxf3 Nd4 10. Qd1 h5 11. Ne2 Nxe2 12. Qxe2 h4 13. Bg5 Qd7 14. Bxh4 Nh7
15. Qg4 Qxg4 16. hxg4 f6 17. g5 fxg5 18. Bxg5 O-O 19. Be3 Bxe3 20. fxe3 Rf6 21.
Ke2 Raf8 22. Raf1 Rxf1 23. Rxf1 Nf6 24. Bf3 g6 25. a4 a5 26. Kf2 Kg7 27. Kg2 Kh6
28. Rh1+ Kg5 29. Rh4 Rb8 30. Rh1 c6 31. b3 Rf8 32. Rf1 Rh8 33. Rh1 Rxh1 34. Kxh1
b5 35. Bd1 bxa4 36. bxa4 Nd7 37. c3 Nf6 38. Kg2 d5 39. Bf3 dxe4 40. Bxe4 Nxe4
41. dxe4 Kg4 42. c4 c5 43. Kh2 Kf3 44. Kh3 0-1

[Event "Portugal Open 2018"]
[Site "Lisboa POR"]
[Date "2018.02.04"]
[Round "2.21"]
[White "Nagy, Gabor"]
[Black "Shamima, Akter Liza"]
[Result "1-0"]
[WhiteElo "2469"]
[BlackElo "2160"]
[WhiteFideId "737119"]
[BlackFideId "10202587"]
[WhiteTitle "IM"]
[BlackTitle "WIM"]
[WhiteCountry "HUN"]
[BlackCountry "BAN"]
[PlyCount "101"]

1. e4 c6 2. d4 d5 3. Nd2 dxe4 4. Nxe4 Bf5 5. Ng3 Bg6 6. Bc4 e6 7. N1e2 Nf6 8.
O-O Bd6 9. f4 Qc7 10. f5 Bxf5 11. Nxf5 exf5 12. Rxf5 Nbd7 13. Bf4 O-O 14. Qd3 b5
15. Bb3 Rae8 16. Rf1 Bxf4 17. Nxf4 Re7 18. c3 Qd6 19. Qg3 Ne4 20. Qh4 Ndf6 21.
Nd3 Nd5 22. Bxd5 cxd5 23. Rxd5 Qxd5 24. Qxe7 Nf6 25. Nb4 Qg5 26. Re1 h6 27. Qe5
Qh4 28. Qg3 Qh5 29. h3 Qf5 30. Nc6 Qc2 31. Qf2 Qa4 32. b3 Qa6 33. Ne7+ Kh8 34.
Nf5 Re8 35. Rxe8+ Nxe8 36. Qe2 Qc6 37. Qe7 Qe6 38. Qxe6 fxe6 39. Ne7 Nf6 40. c4
a6 41. c5 g5 42. c6 Ne8 43. d5 exd5 44. Nxd5 Nd6 45. Kf2 Kg7 46. Ke3 Kf7 47. Kd4
Nc8 48. Ke5 a5 49. g4 b4 50. c7 Ke8 51. Ke4 1-0

[Event "Portugal Open 2018"]
[Site "Lisboa POR"]
[Date "2018.02.04"]
[Round "2.22"]
[White "Sousa, Ludy"]
[Black "Kaczúr, Flórián"]
[Result "0-1"]
[WhiteElo "2165"]
[BlackElo "2459"]
[WhiteFideId "1504134"]
[BlackFideId "705098"]
[WhiteTitle "CM"]
[BlackTitle "IM"]
[WhiteCountry "NOR"]
[BlackCountry "HUN"]
[PlyCount "66"]

1. e4 e5 2. Nf3 Nc6 3. Bb5 a6 4. Bxc6 dxc6 5. Nc3 f6 6. d3 Bd6 7. Qe2 Ne7 8. O-O
Bg4 9. h3 Bh5 10. Qe3 c5 11. Nd2 Nc6 12. Qg3 Qd7 13. Nc4 Nd4 14. f4 Nxc2 15.
fxe5 fxe5 16. Qg5 Bg6 17. Nxe5 Qe6 18. Nxg6 hxg6 19. Rb1 Rh5 20. Qd2 Nd4 21. Qf2
g5 22. e5 Be7 23. b4 g4 24. hxg4 Rh7 25. Be3 O-O-O 26. Bxd4 cxd4 27. Ne4 Rdh8
28. Ng3 Qh6 29. Qf5+ Kb8 30. Rf3 Bh4 31. Nf1 Qc6 32. Qf4 Qc2 33. Rc1 Bf2+ 0-1

[Event "Portugal Open 2018"]
[Site "Lisboa POR"]
[Date "2018.02.04"]
[Round "2.23"]
[White "Nayhebaver, Martin"]
[Black "Dias, Ivo"]
[Result "1-0"]
[WhiteElo "2456"]
[BlackElo "2158"]
[WhiteFideId "14923432"]
[BlackFideId "1901680"]
[WhiteTitle "IM"]
[BlackTitle "CM"]
[WhiteCountry "SVK"]
[BlackCountry "POR"]
[PlyCount "83"]

1. e4 c5 2. Nf3 e6 3. d4 cxd4 4. Nxd4 Nc6 5. Nc3 Qc7 6. Be3 a6 7. a3 Nf6 8. f4
d6 9. Qf3 Be7 10. O-O-O Bd7 11. Bd3 h5 12. h3 h4 13. Rhe1 Rc8 14. Qf2 b5 15.
Nxc6 Bxc6 16. Bd4 Nh5 17. e5 O-O 18. exd6 Qxd6 19. Re5 Ng3 20. Bc5 Qc7 21. Bxe7
Qxe7 22. Ne2 Nxe2+ 23. Qxe2 g6 24. Qg4 Kg7 25. Bxg6 fxg6 26. Rxe6 Qf7 27. Rxc6
Rxc6 28. Rd7 Rf6 29. Rxf7+ R8xf7 30. Qxh4 Rxf4 31. Qg3 Rf1+ 32. Kd2 R1f2+ 33.
Kc3 Re2 34. Kb3 a5 35. Qc3+ Kh7 36. Qxa5 Rxg2 37. Qxb5 Rg3+ 38. Ka2 Rxh3 39. a4
Rh5 40. Qc4 Ra7 41. Ka3 Rf5 42. b4 1-0

[Event "Portugal Open 2018"]
[Site "Lisboa POR"]
[Date "2018.02.04"]
[Round "2.24"]
[White "Hasman, Cengiz"]
[Black "Sandalakis, Angelos"]
[Result "1-0"]
[WhiteElo "2161"]
[BlackElo "2448"]
[WhiteFideId "413364"]
[BlackFideId "4207645"]
[BlackTitle "IM"]
[BlackCountry "GRE"]
[PlyCount "127"]

1. d4 Nf6 2. Bf4 g6 3. Nc3 Bg7 4. e4 O-O 5. e5 Ne8 6. Qd2 d6 7. Nf3 Nc6 8. h3
dxe5 9. dxe5 Qxd2+ 10. Kxd2 Bf5 11. Rd1 Rd8+ 12. Kc1 Rxd1+ 13. Kxd1 a6 14. Bc4
Na5 15. Bd3 Bxd3 16. cxd3 f6 17. e6 f5 18. Nd5 Bxb2 19. Nxe7+ Kg7 20. Nd5 c6 21.
Nc7 Bf6 22. e7 Rg8 23. Re1 Kf7 24. Ne6 Kxe7 25. Nc5+ Kd8 26. Ng5 b6 27. Nxa6 Bc3
28. Nf7+ Kd7 29. Nb8+ Kc8 30. Re7 g5 31. Bh2 f4 32. Nd7 Bd4 33. h4 gxh4 34. Bxf4
Rxg2 35. Nf8 Rxf2 36. Rxe8+ Kb7 37. Nd6+ Ka7 38. Re7+ Ka6 39. Ne6 b5 40. Nc7+
Kb6 41. Na8+ Ka6 42. Nc7+ Kb6 43. Ne6 Ka6 44. Nxd4 Rxf4 45. Nc8 Nb7 46. Nxc6 Rf8
47. Nb8+ Ka5 48. Nc6+ Ka6 49. Nb4+ Ka5 50. Rxb7 Kxb4 51. Nd6 Kc3 52. Ke2 b4 53.
Rxh7 Rf4 54. Ke3 Rg4 55. Ne4+ Kb2 56. Kf3 Rg8 57. Rxh4 Kxa2 58. Rh7 b3 59. Rb7
b2 60. Nd2 Ka3 61. Nc4+ Ka4 62. Nxb2+ Ka3 63. Nc4+ Ka4 64. Ne5 1-0

[Event "Portugal Open 2018"]
[Site "Lisboa POR"]
[Date "2018.02.04"]
[Round "2.25"]
[White "Savanovic, Aleksandar"]
[Black "Kunz, André"]
[Result "1-0"]
[WhiteElo "2448"]
[BlackElo "2153"]
[WhiteFideId "914932"]
[BlackFideId "24623652"]
[WhiteTitle "IM"]
[WhiteCountry "BIH"]
[BlackCountry "GER"]
[PlyCount "143"]

1. Nf3 d5 2. c4 dxc4 3. Na3 a6 4. Nxc4 b5 5. Ne3 Nf6 6. g3 e6 7. Bg2 Bb7 8. O-O
Be7 9. a4 Nbd7 10. d3 c5 11. Bd2 O-O 12. Qb1 Nd5 13. Rc1 Qb6 14. Nxd5 Bxd5 15.
Bc3 Rfc8 16. b3 Bf6 17. Qc2 h6 18. Bxf6 Nxf6 19. Ne5 Bxg2 20. Kxg2 Qd6 21. Nf3
Nd7 22. Kg1 Nb6 23. Nd2 Qd5 24. axb5 axb5 25. Rxa8 Qxa8 26. Qb2 Qd5 27. Ne4 Nd7
28. Nc3 Qb7 29. Ra1 Qb6 30. Qa2 c4 31. bxc4 bxc4 32. dxc4 Qb4 33. Nb5 Qxc4 34.
Qxc4 Rxc4 35. Ra7 Ne5 36. f4 Ng4 37. Nd6 Rc2 38. h3 Nf6 39. Ra8+ Kh7 40. Nxf7
Rxe2 41. g4 Nd7 42. Rd8 Nc5 43. Rh8+ Kg6 44. Ne5+ Rxe5 45. fxe5 Nd3 46. Re8 Kf7
47. Ra8 Nxe5 48. Kf2 Kf6 49. Ke3 Ng6 50. Ke4 Kf7 51. Ra1 Kf6 52. Ra7 Nh4 53. Kd4
Nf3+ 54. Ke3 Nh4 55. Ke4 Ng6 56. Ra3 Nh4 57. Kd4 Ng6 58. Rf3+ Ke7 59. Kc5 Nh4
60. Ra3 Ng6 61. Ra7+ Kf6 62. Kd6 Nf4 63. Ra3 Ng6 64. Rf3+ Kg5 65. Kxe6 Nf4+ 66.
Ke5 Ng6+ 67. Ke4 Nh4 68. Ra3 Ng2 69. Ra7 g6 70. Kf3 Ne1+ 71. Kg3 Nd3 72. Rf7 1-0

[Event "Portugal Open 2018"]
[Site "Lisboa POR"]
[Date "2018.02.04"]
[Round "2.26"]
[White "Hill, Alistair"]
[Black "Ortega Amarelle, Mariano"]
[Result "1-0"]
[WhiteElo "2159"]
[BlackElo "2447"]
[WhiteFideId "432407"]
[BlackFideId "3504301"]
[BlackTitle "IM"]
[WhiteCountry "ENG"]
[BlackCountry "CUB"]
[PlyCount "122"]
[EventDate "2018.??.??"]

1. Nf3 c5 2. c4 g6 3. e4 Bg7 4. d4 cxd4 5. Nxd4 Nc6 6. Be3 Nf6 7. Nc3 d6 8. Be2
O-O 9. O-O Bd7 10. a3 a5 11. Ndb5 Ne5 12. f3 Rc8 13. b3 Bc6 14. Rc1 Ned7 15. b4
axb4 16. axb4 Bxb5 17. Nxb5 Ra8 18. Qb3 b6 19. Bd4 Qb8 20. Qb2 Rc8 21. Ra1 Rxa1
22. Rxa1 Nh5 23. Ra7 Rd8 24. Qa1 Ne5 25. Ra6 Nf4 26. Bf1 Ne6 27. Bc3 Nc6 28.
Bxg7 Nxg7 29. Nd4 Qb7 30. Nc2 Ne6 31. g3 Nc7 32. Ra3 Ra8 33. f4 Rxa3 34. Qxa3 f6
35. Bg2 Qa7 36. Qb3 Kg7 37. e5 b5+ 38. c5 Nd4 39. exf6+ exf6 40. Qe3 Nf5 41. Qc3
dxc5 42. bxc5 Ne6 43. Bh3 Nxc5 44. Bxf5 gxf5 45. Qd4 Qc7 46. Ne3 Kg6 47. Qd5 Qc8
48. Ng2 Ne6 49. Nh4+ Kf7 50. Qxb5 Qc1+ 51. Kg2 Qd2+ 52. Kh3 Nxf4+ 53. gxf4 Qe3+
54. Kg2 Qd2+ 55. Kg3 Qe1+ 56. Kh3 Qe3+ 57. Kg2 Qd2+ 58. Kf3 Qc3+ 59. Kf2 Qd4+
60. Kg3 Qg1+ 61. Ng2 h5 1-0

[Event "Portugal Open 2018"]
[Site "Lisboa POR"]
[Date "2018.02.04"]
[Round "2.27"]
[White "Cawdery, Daniel"]
[Black "Pérez García, Roberto"]
[Result "1/2-1/2"]
[WhiteElo "2446"]
[BlackElo "2142"]
[WhiteFideId "14300249"]
[BlackFideId "2217708"]
[WhiteTitle "IM"]
[WhiteCountry "RSA"]
[BlackCountry "ESP"]
[PlyCount "49"]

1. e4 c5 2. Nf3 d6 3. d4 cxd4 4. Nxd4 Nf6 5. Nc3 a6 6. Bg5 e6 7. f4 h6 8. Bh4
Qb6 9. Qd2 Qxb2 10. Rb1 Qa3 11. f5 Be7 12. fxe6 fxe6 13. Bc4 Nxe4 14. Nxe4 Bxh4+
15. g3 Bg5 16. Nxg5 hxg5 17. Rf1 Rh6 18. Rb3 Qc5 19. Rc3 Nc6 20. Nb3 Qb4 21. a3
Qxa3 22. Qxg5 Rf6 23. Rxf6 gxf6 24. Qg8+ Ke7 25. Bxe6 1/2-1/2

[Event "Portugal Open 2018"]
[Site "Lisboa POR"]
[Date "2018.02.04"]
[Round "2.28"]
[White "Santos, José Alves"]
[Black "Venkatesh, M.R."]
[Result "0-1"]
[WhiteElo "2150"]
[BlackElo "2445"]
[WhiteFideId "1900366"]
[BlackFideId "5005779"]
[WhiteTitle "NM"]
[BlackTitle "GM"]
[WhiteCountry "POR"]
[BlackCountry "IND"]
[PlyCount "52"]

1. e4 c5 2. c3 Nf6 3. e5 Nd5 4. Nf3 e6 5. d4 cxd4 6. cxd4 d6 7. Bc4 Nb6 8. Bb3
dxe5 9. Nxe5 Nc6 10. Nxc6 bxc6 11. O-O Bd6 12. Nd2 O-O 13. Re1 Qc7 14. Qh5 Nd5
15. Ne4 Bb4 16. Rd1 Rd8 17. Bc2 h6 18. Bxh6 gxh6 19. Rd3 Bf8 20. Rg3+ Bg7 21.
Re1 Rb8 22. Bb3 Nf4 23. Qg4 Ng6 24. h4 Qf4 25. h5 Qxg4 26. Rxg4 Ne7 0-1

[Event "Portugal Open 2018"]
[Site "Lisboa POR"]
[Date "2018.02.04"]
[Round "2.29"]
[White "Dâmaso, Rui"]
[Black "Costa, João Guerra"]
[Result "1-0"]
[WhiteElo "2445"]
[BlackElo "2130"]
[WhiteFideId "1900030"]
[BlackFideId "1901737"]
[WhiteTitle "IM"]
[WhiteCountry "POR"]
[BlackCountry "POR"]
[PlyCount "47"]

1. d4 Nf6 2. Bg5 e6 3. Nd2 d5 4. e4 dxe4 5. Nxe4 Be7 6. Bxf6 Bxf6 7. Nf3 Nd7 8.
Qd2 Nb6 9. O-O-O Bd7 10. Nxf6+ gxf6 11. c4 Qe7 12. Qa5 c6 13. Bd3 Nc8 14. Rhe1
b6 15. Qd2 Nd6 16. Kb1 O-O-O 17. c5 Nb7 18. cxb6 axb6 19. Qf4 Nd6 20. Ba6+ Kc7
21. Rc1 Bc8 22. Bb5 Bb7 23. Bxc6 Bxc6 24. d5 1-0

[Event "Portugal Open 2018"]
[Site "Lisboa POR"]
[Date "2018.02.04"]
[Round "2.30"]
[White "Reis, Luís Sousa"]
[Black "Fernandes, António"]
[Result "0-1"]
[WhiteElo "2141"]
[BlackElo "2443"]
[WhiteFideId "1900609"]
[BlackFideId "1900021"]
[WhiteTitle "NM"]
[BlackTitle "GM"]
[WhiteCountry "POR"]
[BlackCountry "POR"]
[PlyCount "52"]

1. e4 c5 2. Nf3 d6 3. d4 cxd4 4. Nxd4 Nf6 5. Nc3 a6 6. Bg5 e6 7. f4 b5 8. Bd3
Bb7 9. Qe2 b4 10. Nd1 Qb6 11. Nf3 Nbd7 12. Nf2 g6 13. O-O Bg7 14. e5 Nd5 15. Kh1
h6 16. Ne4 hxg5 17. Nxd6+ Ke7 18. Nxg5 Ne3 19. Rf2 Nxe5 20. fxe5 Bxe5 21. Nxb7
Rxh2+ 22. Kg1 Rah8 23. Nh3 R8xh3 24. gxh3 Ng4 25. Raf1 Nxf2 26. Rxf2 Rxf2 0-1